Statistiques concernant Marques de voitures #6

Cliquez ici pour prendre le quiz!

Statistiques générales

  • Ce quiz a été pris 594 fois
  • Le résultat moyen est 6 sur 6

Réponses sur la Carte

Les réponses sont colorées sur une échelle allant du rouge au vert en fonction du pourcentage des utilisateurs qui les ont devinées à leur premier essai. Vous pouvez retrouver ces pourcentages ci-dessous.
 

Statistiques - réponses

Réponse% Correct
Opel
95%
Pegueot
95%
Renault
94%
Skoda
94%
GMC
93%
Scania
92%

Distribution des résultats

Percentile par nombre de réponses

% des personnes avec chaque résultat

Votre développement - résultats

Vous n’avez pas pris ce quiz